| 000 | 00454nam a22001817a 4500 | ||
|---|---|---|---|
| 005 | 20230110142905.0 | ||
| 008 | 221217b |||||||| |||| 00| 0 eng d | ||
| 020 | _a978-81-312-61118-7 | ||
| 041 | _aeng | ||
| 082 | _a615.3 EVA--T | ||
| 100 |
_aEVANS , WILLIAM C. _97373 |
||
| 245 | _aTREASE AND EVANS PHARMACOGNOSY | ||
| 250 | _a16th ed. | ||
| 260 |
_bELSEVIER _c2021;P. |
||
| 300 | _a603;P. | ||
| 650 |
_aPHARMACY _xB.PHARMA _97083 |
||
| 942 | _cBK | ||
| 999 |
_c8088 _d8086 |
||